00660nam a2200169 i 450000100060000000300090000600500170001500700030003200800410003510000410007624500740011726001060019130000220029785200320031999900170035195201220036889843ES-MaACL20230906180302.0t|050114s1970 sp ||||1| spa d1 aLastra, José María de la.97049710aGestión de calidad de la empresa / c[José María de la Lastra]. aMadrid : bOrganización Sindical : bVicesecretaría Nacional de Ordenación Económica, c1970. a112 p. ; c21 cm. aES-MaACLjC-46249 bR.74311 c89843d89843 00104070aATENEOMbATENEOMcDEPO2d2008-01-17eSCl0oC-46249p1093825r2023-02-23 00:00:00w2023-02-23yMONOGRAFIA